[Event "Deutsche Ländermeisterschaft 2014"]
[Site "Hannover GER"]
[Date "2014.10.04"]
[Round "3"]
[White "Biastoch, Bennet"]
[Black "Brandt, Carina"]
[Result "1/2-1/2"]
[Termination "normal"]
[Board "9.5"]
[WhiteElo "1838"]
[BlackElo "1886"]
[WhiteTeam "Sachsen-Anhalt"]
[BlackTeam "Hamburg"]
[PlyCount "60"]
[WhiteFideId "12939889"]
[BlackFideId "12917940"]
[EventCountry "GER"]
[EventRounds "7"]
[EventType "team-swiss"]
[EventDate "2014.10.02"]

1. e4 e6 2. d4 d5 3. Nc3 Bb4 4. e5 c5 5. a3 Bxc3+ 6. bxc3 Ne7 7. Qg4 cxd4 8.
Ne2 Qc7 9. f4 dxc3 10. Qxg7 Rg8 11. Qxh7 Nbc6 12. Qd3 d4 13. Nxd4 Nxd4 14. Qxd4
Bd7 15. Qf2 Qc6 16. Be3 Nf5 17. Qe2 Qe4 18. Bf2 Qxf4 19. g3 Qa4 20. Bg2 O-O-O
21. Qf3 Qc6 22. Qxc6+ Bxc6 23. Bxc6 bxc6 24. Bxa7 Rd2 25. O-O Nxg3 26. hxg3
Rxg3+ 27. Kh1 Rh3+ 28. Kg1 Rg3+ 29. Kh1 Rh3+ 30. Kg1 Rg3+ 1/2-1/2

[Event "Deutsche Ländermeisterschaft 2014"]
[Site "Hannover GER"]
[Date "2014.10.04"]
[Round "3"]
[White "Meyling, Lennart"]
[Black "Roseneck, Jonas"]
[Result "0-1"]
[Termination "normal"]
[Board "9.6"]
[WhiteElo "1713"]
[BlackElo "1765"]
[WhiteTeam "Hamburg"]
[BlackTeam "Sachsen-Anhalt"]
[PlyCount "66"]
[WhiteFideId "12947130"]
[BlackFideId "12939870"]
[EventCountry "GER"]
[EventRounds "7"]
[EventType "team-swiss"]
[EventDate "2014.10.02"]

1. d4 Nf6 2. c4 g6 3. Nc3 Bg7 4. e4 d6 5. f4 O-O 6. Nf3 c5 7. d5 e6 8. Be2 exd5
9. cxd5 b5 10. Bxb5 Nxe4 11. Nxe4 Qa5+ 12. Nfd2 Qxb5 13. Nxd6 Qa6 14. N2c4 Bd4
15. Qc2 Nd7 16. Bd2 Nb6 17. Nxb6 Qxb6 18. Nc4 Re8+ 19. Kd1 Qa6 20. Re1 Bg4+ 21.
Kc1 Bf5 22. Rxe8+ Rxe8 23. Qb3 Be4 24. Ne3 c4 25. Qb4 Qc8 26. Qb5 c3 27. bxc3
Bxe3 28. Kd1 Qg4+ 29. Kc1 Bxd2+ 30. Kxd2 Qxg2+ 31. Ke3 Qf3+ 32. Kd4 Qf2+ 33.
Kc4 Bd3+ 0-1

[Event "Deutsche Ländermeisterschaft 2014"]
[Site "Hannover GER"]
[Date "2014.10.04"]
[Round "3"]
[White "Cejda, Cecilia"]
[Black "Voß, Henrike"]
[Result "1/2-1/2"]
[Termination "normal"]
[Board "9.7"]
[WhiteElo "1662"]
[BlackElo "1604"]
[WhiteTeam "Sachsen-Anhalt"]
[BlackTeam "Hamburg"]
[PlyCount "117"]
[WhiteFideId "12921122"]
[BlackFideId "12971910"]
[EventCountry "GER"]
[EventRounds "7"]
[EventType "team-swiss"]
[EventDate "2014.10.02"]

1. e4 e5 2. Nf3 Nc6 3. Nc3 Nf6 4. d4 exd4 5. Nxd4 d6 6. Nxc6 bxc6 7. Bc4 g6 8.
Bg5 Bg7 9. e5 Qe7 10. O-O dxe5 11. Re1 O-O 12. Qf3 Bf5 13. Qxc6 Qd6 14. Qxd6
cxd6 15. Bb3 h6 16. Bxf6 Bxf6 17. Rad1 Rfd8 18. Nb5 Be7 19. c3 Rd7 20. Ba4 Rb7
21. b3 Rd8 22. h3 a6 23. Na3 Be6 24. Nc2 a5 25. Ne3 Rc7 26. c4 f5 27. Nc2 Kf7
28. Na3 Rc5 29. Nb5 Kf6 30. Nc3 h5 31. Nd5+ Bxd5 32. Rxd5 Rxd5 33. cxd5 Rc8 34.
Bc6 Bd8 35. a3 Bb6 36. b4 axb4 37. axb4 Rc7 38. Ra1 Ra7 39. Rxa7 Bxa7 40. Kf1
e4 41. Ke2 Ke5 42. h4 f4 43. Bb7 Bb6 44. Bc6 Kf5 45. Bd7+ Kf6 46. Be6 g5 47.
hxg5+ Kxg5 48. g3 f3+ 49. Ke1 h4 50. gxh4+ Kxh4 51. Bf5 e3 52. fxe3 Bxe3 53.
Be6 Kg3 54. Kf1 Kf4 55. Bf7 Ke5 56. Be6 Kd4 57. b5 Kc5 58. b6 Kxb6 59. Bf7
1/2-1/2

[Event "Deutsche Ländermeisterschaft 2014"]
[Site "Hannover GER"]
[Date "2014.10.04"]
[Round "3"]
[White "Michna, Masza"]
[Black "Delgado, Celina"]
[Result "0-1"]
[Termination "normal"]
[Board "9.8"]
[WhiteElo "1347"]
[BlackElo "1168"]
[WhiteTeam "Hamburg"]
[BlackTeam "Sachsen-Anhalt"]
[PlyCount "90"]
[WhiteFideId "12921998"]
[BlackFideId "12993735"]
[EventCountry "GER"]
[EventRounds "7"]
[EventType "team-swiss"]
[EventDate "2014.10.02"]

1. d4 d5 2. e3 Nf6 3. f4 Bf5 4. Nf3 Nc6 5. c3 e6 6. Be2 Bd6 7. O-O O-O 8. h3
Re8 9. Nbd2 Qd7 10. Ne5 Qe7 11. Ndf3 Ne4 12. Nxc6 bxc6 13. Ne5 Bxe5 14. fxe5
Qg5 15. g4 Bg6 16. Qe1 h5 17. h4 Qe7 18. gxh5 Bf5 19. Bd3 Bg4 20. Be2 Bxe2 21.
Qxe2 Ng3 22. Qg4 Nxf1 23. Kxf1 f6 24. h6 fxe5 25. e4 Qf7+ 26. Ke2 Rf8 27. hxg7
Qxg7 28. Qxe6+ Kh7 29. Bg5 Rae8 30. Qg4 exd4 31. Qh5+ Kg8 32. Rg1 Rxe4+ 33. Kd3
Rf5 34. Bf6 Rxh5 35. Rxg7+ Kf8 36. cxd4 Rh6 37. Rxc7 Rxf6 38. Rxa7 Rxh4 39.
Ra8+ Ke7 40. a4 Rd6 41. a5 Rd8 42. Ra7+ Rd7 43. Ra6 Kd6 44. Rb6 Ra7 45. a6 Kc7
0-1

[Event "Deutsche Ländermeisterschaft 2014"]
[Site "Hannover GER"]
[Date "2014.10.05"]
[Round "5"]
[White "Mundorf, Johannes"]
[Black "Ott, Florian"]
[Result "1/2-1/2"]
[Termination "normal"]
[Board "1.1"]
[WhiteElo "2234"]
[BlackElo "2179"]
[WhiteClock "00:38:05"]
[BlackClock "00:25:21"]
[WhiteTeam "Nordrhein-Westfalen"]
[BlackTeam "Bayern"]
[PlyCount "46"]
[WhiteFideId "24672491"]
[BlackFideId "12900281"]
[EventCountry "GER"]
[EventRounds "7"]
[EventType "team-swiss"]
[EventDate "2014.10.02"]

1. Nf3 {[%clk 1:30:54]} c5 {[%clk 1:30:54]} 2. g3 {[%clk 1:31:17]} g6 {[%clk
1:31:14]} 3. Bg2 {[%clk 1:31:42]} Bg7 {[%clk 1:31:40]} 4. c4 {[%clk 1:32:09]}
Nc6 {[%clk 1:31:56]} 5. Nc3 {[%clk 1:32:35]} Nh6 {[%clk 1:32:18]} 6. h4 {[%clk
1:28:37]} d6 {[%clk 1:30:07]} 7. d3 {[%clk 1:27:54]} Nf5 {[%clk 1:28:50]} 8.
O-O {[%clk 1:25:26]} Nfd4 {[%clk 1:17:08]} 9. e3 {[%clk 1:23:11]} Nxf3+ {[%clk
1:17:10]} 10. Qxf3 {[%clk 1:22:17]} h5 {[%clk 1:14:25]} 11. Qe2 {[%clk
1:21:27]} Bg4 {[%clk 1:14:19]} 12. Qd2 {[%clk 1:21:24]} Qd7 {[%clk 1:13:19]}
13. b3 {[%clk 1:17:05]} Bh3 {[%clk 1:05:59]} 14. Bb2 {[%clk 1:17:07]} O-O-O
{[%clk 1:00:26]} 15. f4 {[%clk 1:02:05]} Bxg2 {[%clk 0:49:54]} 16. Qxg2 {[%clk
1:00:36]} Qg4 {[%clk 0:46:42]} 17. d4 {[%clk 0:53:06]} cxd4 {[%clk 0:45:07]}
18. Nb5 {[%clk 0:51:54]} a6 {[%clk 0:36:27]} 19. Nxd4 {[%clk 0:49:24]} Nxd4
{[%clk 0:36:24]} 20. Bxd4 {[%clk 0:48:02]} Bxd4 {[%clk 0:27:59]} 21. exd4
{[%clk 0:48:30]} e6 {[%clk 0:26:07]} 22. Rac1 {[%clk 0:42:27]} Kb8 {[%clk
0:25:06]} 23. Qf3 {[%clk 0:38:05]} Qxf3 {[%clk 0:25:21]} 1/2-1/2

[Event "Deutsche Ländermeisterschaft 2014"]
[Site "Hannover GER"]
[Date "2014.10.05"]
[Round "5"]
[White "Klek, Hanna Marie"]
[Black "Schröder, Kevin"]
[Result "1/2-1/2"]
[Termination "normal"]
[Board "1.2"]
[WhiteElo "2225"]
[BlackElo "2250"]
[WhiteClock "00:14:46"]
[BlackClock "00:03:06"]
[WhiteTeam "Bayern"]
[BlackTeam "Nordrhein-Westfalen"]
[PlyCount "244"]
[WhiteFideId "24670057"]
[BlackFideId "12929840"]
[EventCountry "GER"]
[EventRounds "7"]
[EventType "team-swiss"]
[EventDate "2014.10.02"]

1. e4 {[%clk 1:30:58]} e5 {[%clk 1:30:48]} 2. Bc4 {[%clk 1:31:23]} Nf6 {[%clk
1:30:14]} 3. d3 {[%clk 1:31:47]} c6 {[%clk 1:29:33]} 4. Nf3 {[%clk 1:32:11]} d5
{[%clk 1:29:56]} 5. Bb3 {[%clk 1:32:37]} Bd6 {[%clk 1:30:18]} 6. exd5 {[%clk
1:33:00]} Nxd5 {[%clk 1:29:17]} 7. O-O {[%clk 1:31:16]} O-O {[%clk 1:29:43]} 8.
Nbd2 {[%clk 1:30:07]} Bg4 {[%clk 1:28:35]} 9. Ne4 {[%clk 1:29:14]} Bc7 {[%clk
1:21:18]} 10. h3 {[%clk 1:26:02]} Bh5 {[%clk 1:19:18]} 11. Ng3 {[%clk 1:24:08]}
Bg6 {[%clk 1:18:28]} 12. Re1 {[%clk 1:24:02]} Nd7 {[%clk 1:16:41]} 13. a3
{[%clk 1:19:59]} Re8 {[%clk 1:10:24]} 14. Bg5 {[%clk 1:12:58]} f6 {[%clk
1:08:30]} 15. Bd2 {[%clk 1:12:23]} Nc5 {[%clk 0:58:28]} 16. Ba2 {[%clk
1:12:18]} Qd7 {[%clk 0:54:53]} 17. Ne4 {[%clk 1:03:07]} Ne6 {[%clk 0:53:36]}
18. Nh4 {[%clk 1:02:58]} Rad8 {[%clk 0:48:37]} 19. Rc1 {[%clk 0:52:17]} Qf7
{[%clk 0:42:34]} 20. Nxg6 {[%clk 0:50:25]} Qxg6 {[%clk 0:42:52]} 21. Qg4 {[%clk
0:50:07]} Qxg4 {[%clk 0:37:21]} 22. hxg4 {[%clk 0:50:31]} Kf7 {[%clk 0:37:34]}
23. g3 {[%clk 0:46:43]} Rh8 {[%clk 0:28:39]} 24. Kg2 {[%clk 0:45:52]} h5 {[%clk
0:25:01]} 25. gxh5 {[%clk 0:45:21]} Rxh5 {[%clk 0:25:25]} 26. Rh1 {[%clk
0:45:22]} Rxh1 {[%clk 0:25:43]} 27. Rxh1 {[%clk 0:44:25]} Nd4 {[%clk 0:26:10]}
28. c3 {[%clk 0:39:57]} Ne6 {[%clk 0:25:46]} 29. Bc1 {[%clk 0:26:04]} Kg6
{[%clk 0:20:00]} 30. Kf3 {[%clk 0:20:37]} f5 {[%clk 0:19:25]} 31. Nd2 {[%clk
0:21:00]} Nc5 {[%clk 0:18:04]} 32. Bb1 {[%clk 0:21:08]} Nf6 {[%clk 0:14:43]}
33. Ke2 {[%clk 0:21:29]} Ng4 {[%clk 0:14:26]} 34. Rh4 {[%clk 0:19:35]} Kf7
{[%clk 0:09:51]} 35. Nf3 {[%clk 0:16:27]} Re8 {[%clk 0:05:47]} 36. b4 {[%clk
0:15:36]} Ne6 {[%clk 0:04:07]} 37. Ng5+ {[%clk 0:13:38]} Nxg5 {[%clk 0:03:52]}
38. Bxg5 {[%clk 0:14:03]} Bd8 {[%clk 0:01:47]} 39. Bxd8 {[%clk 0:11:35]} Rxd8
{[%clk 0:02:11]} 40. a4 {[%clk 0:07:43]} Nf6 {[%clk 0:01:57]} 41. a5 {[%clk
0:04:20]} g5 {[%clk 0:00:46]} 42. Ba2+ {[%clk 0:03:19]} Kg6 {[%clk 0:30:19]}
43. Rh1 {[%clk 0:32:33]} b6 {[%clk 0:21:05]} 44. axb6 {[%clk 0:30:48]} axb6
{[%clk 0:21:29]} 45. Ra1 {[%clk 0:31:14]} e4 {[%clk 0:21:16]} 46. Bb1 {[%clk
0:29:08]} Nd5 {[%clk 0:20:04]} 47. Ra3 {[%clk 0:28:37]} e3 {[%clk 0:19:23]} 48.
c4 {[%clk 0:25:48]} Nxb4 {[%clk 0:19:30]} 49. Kxe3 {[%clk 0:26:10]} c5 {[%clk
0:18:14]} 50. Kd2 {[%clk 0:22:11]} Rh8 {[%clk 0:15:32]} 51. d4 {[%clk 0:22:05]}
Rh1 {[%clk 0:12:33]} 52. Rb3 {[%clk 0:21:53]} Kf6 {[%clk 0:10:17]} 53. Bd3
{[%clk 0:19:24]} Ra1 {[%clk 0:10:42]} 54. Rb2 {[%clk 0:16:39]} Ke6 {[%clk
0:07:44]} 55. dxc5 {[%clk 0:10:59]} bxc5 {[%clk 0:08:05]} 56. Bb1 Ra3 {[%clk
0:07:39]} 57. Ke2 {[%clk 0:06:21]} Rc3 {[%clk 0:06:23]} 58. Rd2 {[%clk
0:06:37]} Ke5 {[%clk 0:05:10]} 59. Rd8 {[%clk 0:05:48]} Rc1 {[%clk 0:04:26]}
60. Re8+ {[%clk 0:05:50]} Kf6 {[%clk 0:04:13]} 61. Rf8+ {[%clk 0:05:21]} Ke7
{[%clk 0:04:21]} 62. Rxf5 {[%clk 0:05:46]} Rxb1 {[%clk 0:04:46]} 63. Rxc5
{[%clk 0:05:42]} Rb2+ {[%clk 0:03:20]} 64. Kf3 {[%clk 0:05:17]} Rxf2+ {[%clk
0:02:22]} 65. Kg4 {[%clk 0:05:39]} Kf6 {[%clk 0:02:08]} 66. Rxg5 {[%clk
0:05:45]} Nd3 {[%clk 0:02:24]} 67. Ra5 {[%clk 0:04:28]} Ne5+ {[%clk 0:02:38]}
68. Kh3 {[%clk 0:04:55]} Nxc4 {[%clk 0:02:55]} 69. Ra4 {[%clk 0:04:37]} Rc2
{[%clk 0:03:03]} 70. Kg4 {[%clk 0:03:02]} Ne5+ {[%clk 0:02:17]} 71. Kf4 {[%clk
0:03:28]} Nd3+ {[%clk 0:02:32]} 72. Ke3 {[%clk 0:03:50]} Nc5 {[%clk 0:02:51]}
73. Ra8 {[%clk 0:04:04]} Ke5 {[%clk 0:02:38]} 74. Re8+ {[%clk 0:04:31]} Ne6
{[%clk 0:02:57]} 75. Kf3 {[%clk 0:04:35]} Kf5 {[%clk 0:03:07]} 76. Ke3 {[%clk
0:04:47]} Ng5 {[%clk 0:03:11]} 77. Rf8+ {[%clk 0:05:08]} Kg4 {[%clk 0:03:29]}
78. Kd3 {[%clk 0:05:27]} Rc7 {[%clk 0:03:45]} 79. Rg8 {[%clk 0:05:43]} Re7
{[%clk 0:03:53]} 80. Kd4 {[%clk 0:06:07]} Re1 {[%clk 0:04:18]} 81. Kd3 {[%clk
0:06:32]} Rg1 {[%clk 0:04:39]} 82. Rf8 {[%clk 0:06:52]} Rxg3+ {[%clk 0:05:00]}
83. Kc4 {[%clk 0:07:16]} Re3 {[%clk 0:05:17]} 84. Kb4 {[%clk 0:07:33]} Rd3
{[%clk 0:05:41]} 85. Kc4 {[%clk 0:07:58]} Rd1 {[%clk 0:06:07]} 86. Kc3 {[%clk
0:08:23]} Nh3 {[%clk 0:06:23]} 87. Kc2 {[%clk 0:08:45]} Rd7 {[%clk 0:06:49]}
88. Kc3 {[%clk 0:09:09]} Nf4 {[%clk 0:07:15]} 89. Kc4 {[%clk 0:09:29]} Kf3
{[%clk 0:07:40]} 90. Kb5 {[%clk 0:09:54]} Rc7 {[%clk 0:08:06]} 91. Kb4 {[%clk
0:10:14]} Ke4 {[%clk 0:08:32]} 92. Rh8 {[%clk 0:10:34]} Kd4 {[%clk 0:06:44]}
93. Rh4 {[%clk 0:10:59]} Rb7+ {[%clk 0:07:01]} 94. Ka4 {[%clk 0:11:10]} Ke5
{[%clk 0:07:05]} 95. Ka3 {[%clk 0:11:36]} Ne6 {[%clk 0:07:23]} 96. Ka2 {[%clk
0:11:52]} Kd5 {[%clk 0:07:39]} 97. Ka3 {[%clk 0:12:06]} Nd4 {[%clk 0:08:05]}
98. Ka2 {[%clk 0:12:01]} Kc4 {[%clk 0:08:17]} 99. Rh3 {[%clk 0:12:12]} Ne2
{[%clk 0:07:34]} 100. Ka3 {[%clk 0:11:46]} Nc1 {[%clk 0:04:51]} 101. Rh4+
{[%clk 0:11:20]} Kc3 {[%clk 0:05:03]} 102. Ka4 {[%clk 0:11:45]} Nb3 {[%clk
0:05:06]} 103. Rg4 {[%clk 0:11:58]} Nd4 {[%clk 0:04:51]} 104. Ka5 {[%clk
0:11:57]} Kc4 {[%clk 0:05:10]} 105. Ka6 {[%clk 0:12:22]} Rb1 {[%clk 0:05:17]}
106. Rh4 {[%clk 0:12:45]} Rb8 {[%clk 0:04:40]} 107. Ka7 {[%clk 0:12:55]} Rb4
{[%clk 0:04:25]} 108. Ka6 {[%clk 0:12:54]} Kc5 {[%clk 0:04:51]} 109. Rh5+
{[%clk 0:13:10]} Kd6 {[%clk 0:04:16]} 110. Rh6+ {[%clk 0:13:06]} Ne6 {[%clk
0:04:23]} 111. Ka5 {[%clk 0:13:27]} Rb1 {[%clk 0:04:50]} 112. Ka4 {[%clk
0:13:41]} Kd5 {[%clk 0:05:18]} 113. Rh5+ {[%clk 0:13:44]} Kc4 {[%clk 0:04:58]}
114. Ka5 {[%clk 0:13:22]} Nc7 {[%clk 0:05:19]} 115. Rh4+ {[%clk 0:13:08]} Kc5
{[%clk 0:05:47]} 116. Rh5+ {[%clk 0:12:58]} Nd5 {[%clk 0:06:08]} 117. Ka4
{[%clk 0:13:22]} Rb4+ {[%clk 0:04:18]} 118. Ka3 {[%clk 0:13:47]} Rg4 {[%clk
0:04:38]} 119. Kb3 {[%clk 0:13:57]} Rg3+ {[%clk 0:05:02]} 120. Kc2 {[%clk
0:14:14]} Ra3 {[%clk 0:03:38]} 121. Rh8 {[%clk 0:14:23]} Ne3+ {[%clk 0:03:49]}
122. Kd2 {[%clk 0:14:46]} Nc4+ {[%clk 0:03:06]} 1/2-1/2

[Event "Deutsche Ländermeisterschaft 2014"]
[Site "Hannover GER"]
[Date "2014.10.05"]
[Round "5"]
[White "Hecht, Carsten"]
[Black "Gretz, Denis"]
[Result "1/2-1/2"]
[Termination "normal"]
[Board "1.3"]
[WhiteElo "2189"]
[BlackElo "2040"]
[WhiteClock "00:13:48"]
[BlackClock "00:37:54"]
[WhiteTeam "Nordrhein-Westfalen"]
[BlackTeam "Bayern"]
[PlyCount "65"]
[WhiteFideId "24693928"]
[BlackFideId "12945188"]
[EventCountry "GER"]
[EventRounds "7"]
[EventType "team-swiss"]
[EventDate "2014.10.02"]

1. e4 {[%clk 1:30:58]} c5 {[%clk 1:30:52]} 2. Nf3 {[%clk 1:31:24]} Nc6 {[%clk
1:31:12]} 3. d4 {[%clk 1:31:39]} cxd4 {[%clk 1:31:32]} 4. Nxd4 {[%clk 1:32:03]}
Nf6 {[%clk 1:31:54]} 5. Nc3 {[%clk 1:32:28]} e5 {[%clk 1:32:13]} 6. Ndb5 {[%clk
1:32:39]} d6 {[%clk 1:32:23]} 7. Bg5 {[%clk 1:32:40]} a6 {[%clk 1:32:43]} 8.
Na3 {[%clk 1:32:50]} b5 {[%clk 1:32:59]} 9. Nd5 {[%clk 1:33:05]} Be7 {[%clk
1:33:05]} 10. Bxf6 {[%clk 1:33:27]} Bxf6 {[%clk 1:33:21]} 11. c4 {[%clk
1:33:27]} b4 {[%clk 1:32:21]} 12. Nc2 {[%clk 1:33:36]} a5 {[%clk 1:32:12]} 13.
g3 {[%clk 1:33:22]} O-O {[%clk 1:30:56]} 14. Bg2 {[%clk 1:33:26]} Be6 {[%clk
1:27:58]} 15. Nce3 {[%clk 1:32:53]} Bg5 {[%clk 1:26:50]} 16. O-O {[%clk
1:30:42]} Bxe3 {[%clk 1:25:52]} 17. Nxe3 {[%clk 1:26:35]} Nd4 {[%clk 1:21:45]}
18. Qd3 {[%clk 1:17:10]} Qd7 {[%clk 1:13:50]} 19. b3 {[%clk 1:13:20]} a4 {[%clk
1:08:41]} 20. Nc2 {[%clk 1:08:28]} Nxc2 {[%clk 1:06:41]} 21. Qxc2 {[%clk
1:08:52]} Qa7 {[%clk 1:05:27]} 22. Rad1 {[%clk 1:07:26]} axb3 {[%clk 1:00:24]}
23. axb3 {[%clk 1:06:56]} Qa2 {[%clk 0:58:33]} 24. Qxa2 {[%clk 1:04:08]} Rxa2
{[%clk 0:58:56]} 25. Rxd6 {[%clk 1:03:06]} Rb2 {[%clk 0:58:43]} 26. Rd3 {[%clk
1:00:46]} Ra8 {[%clk 0:57:52]} 27. f4 {[%clk 0:29:10]} f6 {[%clk 0:49:02]} 28.
f5 {[%clk 0:27:25]} Bf7 {[%clk 0:49:13]} 29. Rfd1 {[%clk 0:25:18]} Bh5 {[%clk
0:47:40]} 30. R1d2 {[%clk 0:22:47]} Rxd2 {[%clk 0:37:32]} 31. Rxd2 {[%clk
0:23:16]} Ra1+ {[%clk 0:37:49]} 32. Kf2 {[%clk 0:19:21]} Rb1 {[%clk 0:37:54]}
33. Rd3 {[%clk 0:13:48]} 1/2-1/2

[Event "Deutsche Ländermeisterschaft 2014"]
[Site "Hannover GER"]
[Date "2014.10.05"]
[Round "5"]
[White "Bilchinski, Anton"]
[Black "Kuckling, Hannah"]
[Result "1-0"]
[Termination "normal"]
[Board "1.4"]
[WhiteElo "2002"]
[BlackElo "2024"]
[WhiteClock "01:02:52"]
[BlackClock "00:00:45"]
[WhiteTeam "Bayern"]
[BlackTeam "Nordrhein-Westfalen"]
[PlyCount "81"]
[WhiteFideId "24615765"]
[BlackFideId "24603660"]
[EventCountry "GER"]
[EventRounds "7"]
[EventType "team-swiss"]
[EventDate "2014.10.02"]

1. d4 {[%clk 1:30:57]} Nf6 {[%clk 1:30:53]} 2. c4 {[%clk 1:31:23]} g6 {[%clk
1:31:20]} 3. Nc3 {[%clk 1:31:48]} Bg7 {[%clk 1:31:45]} 4. e4 {[%clk 1:32:14]}
d6 {[%clk 1:32:09]} 5. Nf3 {[%clk 1:32:38]} O-O {[%clk 1:32:32]} 6. Be2 {[%clk
1:33:02]} e5 {[%clk 1:32:53]} 7. O-O {[%clk 1:33:25]} Nc6 {[%clk 1:33:18]} 8.
d5 {[%clk 1:33:52]} Ne7 {[%clk 1:33:36]} 9. Ne1 {[%clk 1:34:16]} Ne8 {[%clk
1:33:15]} 10. Be3 {[%clk 1:34:40]} f5 {[%clk 1:33:36]} 11. f3 {[%clk 1:35:05]}
f4 {[%clk 1:33:55]} 12. Bf2 {[%clk 1:35:30]} g5 {[%clk 1:34:12]} 13. c5 {[%clk
1:35:50]} Ng6 {[%clk 1:31:54]} 14. Rc1 {[%clk 1:35:59]} Rf7 {[%clk 1:31:44]}
15. cxd6 {[%clk 1:35:48]} cxd6 {[%clk 1:32:03]} 16. Nb5 {[%clk 1:36:01]} a6
{[%clk 1:15:34]} 17. Nc3 {[%clk 1:36:24]} Nf6 {[%clk 1:15:42]} 18. Kh1 {[%clk
1:35:30]} h5 {[%clk 1:15:45]} 19. Na4 {[%clk 1:35:54]} g4 {[%clk 1:11:18]} 20.
Bb6 {[%clk 1:32:43]} Qf8 {[%clk 1:08:16]} 21. Bc7 {[%clk 1:30:11]} Ne8 {[%clk
0:46:49]} 22. Ba5 {[%clk 1:30:31]} Nf6 {[%clk 0:27:35]} 23. Nb6 {[%clk
1:30:47]} Rb8 {[%clk 0:27:51]} 24. Qc2 {[%clk 1:31:10]} Bd7 {[%clk 0:26:41]}
25. Nxd7 {[%clk 1:27:58]} Rxd7 {[%clk 0:27:03]} 26. fxg4 {[%clk 1:10:24]} hxg4
{[%clk 0:26:44]} 27. Qd1 {[%clk 1:10:41]} g3 {[%clk 0:19:26]} 28. Bg4 {[%clk
1:10:35]} Re7 {[%clk 0:17:30]} 29. Bc7 {[%clk 1:09:57]} Nxe4 {[%clk 0:16:22]}
30. Bxb8 {[%clk 1:06:51]} Nf2+ {[%clk 0:16:03]} 31. Rxf2 {[%clk 1:07:09]} gxf2
{[%clk 0:16:28]} 32. Nd3 {[%clk 1:07:22]} Re8 {[%clk 0:13:35]} 33. Ba7 {[%clk
1:06:32]} f1=R+ {[%clk 0:08:47]} 34. Qxf1 {[%clk 1:06:39]} e4 {[%clk 0:09:10]}
35. Nf2 {[%clk 1:05:47]} Bxb2 {[%clk 0:04:23]} 36. Rb1 {[%clk 1:05:30]} Qg7
{[%clk 0:03:15]} 37. Be6+ {[%clk 1:05:33]} Kh8 {[%clk 0:02:44]} 38. Nxe4 {[%clk
1:05:50]} Be5 {[%clk 0:02:32]} 39. Rb3 {[%clk 1:05:46]} Qe7 {[%clk 0:02:04]}
40. Qb1 {[%clk 1:02:32]} b5 {[%clk 0:00:45]} 41. Nxd6 {[%clk 1:02:52]} 1-0

[Event "Deutsche Ländermeisterschaft 2014"]
[Site "Hannover GER"]
[Date "2014.10.05"]
[Round "5"]
[White "Bentel, Robin"]
[Black "Oberhofer, Cédric"]
[Result "1-0"]
[Termination "normal"]
[Board "1.5"]
[WhiteElo "2054"]
[BlackElo "2041"]
[WhiteClock "00:04:29"]
[BlackClock "00:04:42"]
[WhiteTeam "Nordrhein-Westfalen"]
[BlackTeam "Bayern"]
[PlyCount "75"]
[WhiteFideId "12918016"]
[BlackFideId "12941220"]
[EventCountry "GER"]
[EventRounds "7"]
[EventType "team-swiss"]
[EventDate "2014.10.02"]

1. e4 {[%clk 1:30:56]} c5 {[%clk 1:30:53]} 2. Nf3 {[%clk 1:31:21]} d6 {[%clk
1:31:19]} 3. d4 {[%clk 1:31:46]} cxd4 {[%clk 1:31:46]} 4. Nxd4 {[%clk 1:32:12]}
Nf6 {[%clk 1:32:09]} 5. Nc3 {[%clk 1:32:38]} a6 {[%clk 1:32:35]} 6. Be3 {[%clk
1:33:01]} e5 {[%clk 1:32:01]} 7. Nb3 {[%clk 1:33:20]} Be7 {[%clk 1:31:40]} 8.
f3 {[%clk 1:33:31]} Be6 {[%clk 1:31:21]} 9. Qd2 {[%clk 1:33:50]} O-O {[%clk
1:30:59]} 10. O-O-O {[%clk 1:34:08]} a5 {[%clk 1:21:26]} 11. Kb1 {[%clk
1:34:23]} a4 {[%clk 1:20:45]} 12. Nc1 {[%clk 1:34:44]} Ra5 {[%clk 1:14:00]} 13.
g4 {[%clk 1:14:29]} d5 {[%clk 1:08:17]} 14. g5 {[%clk 1:14:28]} Nxe4 {[%clk
1:08:31]} 15. Nxe4 {[%clk 1:14:01]} dxe4 {[%clk 1:07:33]} 16. fxe4 {[%clk
1:12:52]} Qxd2 {[%clk 1:00:23]} 17. Bxd2 {[%clk 1:11:08]} Ra8 {[%clk 0:58:58]}
18. h4 {[%clk 1:09:55]} Rd8 {[%clk 0:54:31]} 19. Nd3 {[%clk 1:04:41]} Nc6
{[%clk 0:51:40]} 20. Bh3 {[%clk 0:59:19]} Bxh3 {[%clk 0:43:24]} 21. Rxh3 {[%clk
0:59:40]} Rac8 {[%clk 0:34:29]} 22. Rf1 {[%clk 0:55:21]} f6 {[%clk 0:32:57]}
23. gxf6 {[%clk 0:54:35]} Bxf6 {[%clk 0:30:06]} 24. h5 {[%clk 0:51:30]} Rd4
{[%clk 0:26:56]} 25. h6 {[%clk 0:47:00]} Rf8 {[%clk 0:21:02]} 26. hxg7 {[%clk
0:40:37]} Bxg7 {[%clk 0:20:14]} 27. Rg1 {[%clk 0:36:07]} Rf7 {[%clk 0:17:09]}
28. Bh6 {[%clk 0:30:53]} b6 {[%clk 0:15:59]} 29. Be3 {[%clk 0:22:45]} Rxe4
{[%clk 0:15:32]} 30. Bxb6 {[%clk 0:15:36]} Nb4 {[%clk 0:13:48]} 31. Nxb4 {[%clk
0:12:46]} Rxb4 {[%clk 0:14:12]} 32. Be3 {[%clk 0:12:42]} e4 {[%clk 0:09:59]}
33. c3 {[%clk 0:11:47]} Rbb7 {[%clk 0:09:05]} 34. Rh4 {[%clk 0:09:15]} Rbe7
{[%clk 0:08:21]} 35. Kc2 {[%clk 0:05:55]} Rf3 {[%clk 0:07:18]} 36. Bd4 {[%clk
0:05:41]} Rff7 {[%clk 0:05:00]} 37. Rhg4 {[%clk 0:04:29]} Kf8 {[%clk 0:04:42]}
38. Bc5 1-0